Logo CIB grande

INDUSTRIALISED EMBAYMENTS AND THEIR ENVIRONMENTAL PROBLEMS : A CASE STUDY OF SWANSEA BAY (Registro nro. 204606)

Detalles MARC
000 -LEADER
campo de control de longitud fija 00597nam a2200229Ia 4500
005 - FECHA Y HORA DE LA ÚLTIMA TRANSACCIÓN
campo de control 20250425161216.0
008 - DATOS DE LONGITUD FIJA--INFORMACIÓN GENERAL
campo de control de longitud fija 250425s9999 xx 000 0 und d
020 ## - NÚMERO INTERNACIONAL ESTÁNDAR DEL LIBRO
Número Internacional Estándar del Libro 0080239927
041 ## - CÓDIGO DE IDIOMA
Código de lengua del texto/banda sonora o título independiente eng
082 ## - NÚMERO DE LA CLASIFICACIÓN DECIMAL DEWEY
Número de clasificación 574.52636
010 ## - NÚMERO DE CONTROL DE LA BIBLIOTECA DEL CONGRESO
Número de control de LC 15123
100 ## - ENTRADA PRINCIPAL--NOMBRE DE PERSONA
Nombre de persona COLLINS, M. B.
245 #0 - MENCIÓN DEL TÍTULO
Título INDUSTRIALISED EMBAYMENTS AND THEIR ENVIRONMENTAL PROBLEMS : A CASE STUDY OF SWANSEA BAY
250 ## - MENCION DE EDICION
Mención de edición 1TH ED.
260 ## - PUBLICACIÓN, DISTRIBUCIÓN, ETC.
Lugar de publicación, distribución, etc. OXFORD
260 ## - PUBLICACIÓN, DISTRIBUCIÓN, ETC.
Lugar de publicación, distribución, etc. Reino Unido
Nombre del editor, distribuidor, etc. PERGAMON PRESS
Fecha de publicación, distribución, etc. 1980
300 ## - DESCRIPCIÓN FÍSICA
Extensión 615
650 ## - PUNTO DE ACCESO ADICIONAL DE MATERIA--TÉRMINO DE MATERIA
Término de materia o nombre geográfico como elemento de entrada ECOLOGIA MARINA
700 ## - ENTRADA AGREGADA--NOMBRE PERSONAL
Nombre de persona BANNER, F. T.
700 ## - ENTRADA AGREGADA--NOMBRE PERSONAL
Nombre de persona TYLER, P. A.
942 ## - ELEMENTOS DE ENTRADA SECUNDARIOS (KOHA)
Tipo de ítem Koha Libros
Existencias
Estatus retirado Estado de pérdida Estado de daño No para préstamo Biblioteca de origen Biblioteca actual Fecha de adquisición Coste, precio normal de compra Total de préstamos Código de barras Copia número Tipo de ítem Koha
        CENTRO DE INFORMACIÓN BIBLIOTECARIA CENTRO DE INFORMACIÓN BIBLIOTECARIA 26/06/1998 0.01   13943 1 Libros

Copyright 2025 ESPOL. Todos los derechos reservados.